[Event "Universiad Men 26th"]
[Site "Shenzhen"]
[Date "2011.08.19"]
[Round "8"]
[White "Swinkels, Robin"]
[Black "Goh, Koon Jong Jason"]
[Result "1/2-1/2"]
[WhiteElo "2483"]
[BlackElo "2415"]
[PlyCount "103"]
[EventDate "2011.08.15"]
[EventType "swiss"]
[EventRounds "9"]
[EventCountry "CHN"]
[SourceTitle "CBM 143 Extra"]
[Source "ChessBase"]
[SourceDate "2011.08.29"]
[SourceVersion "1"]
[SourceVersionDate "2011.08.29"]
[SourceQuality "1"]

1. c4 c6 2. g3 d5 3. Nf3 Nf6 4. Bg2 Bg4 5. Ne5 Be6 6. cxd5 Bxd5 7. Nf3 e5 8. Nc3 Bxf3 9. Bxf3 Bc5 10. d3 0-0 11. 0-0 Nbd7 12. Rb1 Qe7 13. Bd2 Rfd8 14. Qc2 Nf8 15. Na4 Bb6 16. Nc3 Bc5 17. Na4 Bb6 18. Bc3 Nd5 19. Rfc1 Bc7 20. b4 a6 21. Nc5 Bb6 22. Be1 Ne6 23. Nxe6 Qxe6 24. a4 Nc7 25. Qb2 Qd6 26. Rc4 Bd4 27. Qc2 Ne6 28. Bg2 Bb6 29. Bc3 Bd4 30. Bd2 Bb6 31. Qb2 Bd4 32. Qa2 Ba7 33. Qb2 Bd4 34. Qc1 Bb6 35. Qd1 Bd4 36. Rcc1 Nc7 37. Be1 h6 38. Be4 Qe7 39. Rc4 Ne8 40. Bg2 Nd6 41. Rcc1 Bb6 42. Qc2 Qd7 43. Bc3 Re8 44. Bf3 Rad8 45. Rd1 Qf5 46. Be1 Qf6 47. Qb2 Bd4 48. Qa2 Re7 49. Qb3 Bb6 50. Bc3 Qf5 51. Qb2 Rde8 52. Be1 1/2-1/2

[Event "SGP-ch 60th"]
[Site "Singapore"]
[Date "2008.01.05"]
[Round "9"]
[White "Goh, Wei Ming Kevin"]
[Black "Goh, Koon Jong Jason"]
[Result "1/2-1/2"]
[WhiteElo "2396"]
[BlackElo "2384"]
[PlyCount "21"]
[EventDate "2007.12.29"]
[EventType "swiss"]
[EventRounds "9"]
[EventCountry "SIN"]
[SourceTitle "EXT 2022"]
[Source "ChessBase"]
[SourceDate "2021.10.06"]
[SourceVersion "1"]
[SourceVersionDate "2021.10.06"]
[SourceQuality "1"]

1. d4 Nf6 2. c4 e6 3. Nc3 Bb4 4. a3 Bxc3+ 5. bxc3 c5 6. e3 d5 7. cxd5 exd5 8. Bd3 Qc7 9. Ne2 0-0 10. 0-0 b6 11. Ng3 1/2-1/2

[Event "SGP-ch 60th"]
[Site "Singapore"]
[Date "2008.01.02"]
[Round "6"]
[White "Chan, Wei Xuan Timothy"]
[Black "Goh, Koon Jong Jason"]
[Result "0-1"]
[WhiteElo "2231"]
[BlackElo "2384"]
[PlyCount "82"]
[EventDate "2007.12.29"]
[EventType "swiss"]
[EventRounds "9"]
[EventCountry "SIN"]
[SourceTitle "EXT 2022"]
[Source "ChessBase"]
[SourceDate "2021.10.06"]
[SourceVersion "1"]
[SourceVersionDate "2021.10.06"]
[SourceQuality "1"]

1. e4 c5 2. Nf3 Nf6 3. Nc3 e6 4. e5 Nd5 5. Ne4 Nc6 6. c4 Nc7 7. b3 d5 8. exd6 Bxd6 9. Ba3 Na6 10. Be2 e5 11. Nc3 0-0 12. 0-0 Re8 13. d3 Nc7 14. Nd2 Bf8 15. Nde4 b6 16. Kh1 f5 17. Ng3 Nd4 18. Bf3 Rb8 19. Bd5+ Nxd5 20. Nxd5 Bb7 21. Nc3 Qd7 22. f3 Rbd8 23. Qd2 g6 24. Rad1 Re6 25. Rfe1 Rd6 26. Qf2 Bg7 27. Bb2 h5 28. Nf1 a6 29. Ne3 Ne6 30. Ned5 Nc7 31. Qg3 Kh7 32. Na4 Bxd5 33. cxd5 f4 34. Qf2 Qf5 35. b4 cxb4 36. Nxb6 Nxd5 37. Nc4 Ne3 38. Nxe3 fxe3 39. Rxe3 Rxd3 40. Rde1 Rd2 41. R3e2 Qc2 0-1

[Event "SGP-ch 60th"]
[Site "Singapore"]
[Date "2007.12.30"]
[Round "4"]
[White "Goh, Koon Jong Jason"]
[Black "Toh, Li Cheng"]
[Result "1-0"]
[WhiteElo "2384"]
[BlackElo "1827"]
[PlyCount "81"]
[EventDate "2007.12.29"]
[EventType "swiss"]
[EventRounds "9"]
[EventCountry "SIN"]
[SourceTitle "EXT 2022"]
[Source "ChessBase"]
[SourceDate "2021.10.06"]
[SourceVersion "1"]
[SourceVersionDate "2021.10.06"]
[SourceQuality "1"]

1. d4 Nf6 2. c4 g6 3. Nc3 Bg7 4. e4 d6 5. Be2 0-0 6. Be3 Nbd7 7. g4 e5 8. d5 Ne8 9. h4 Nb6 10. h5 c6 11. Rc1 Bd7 12. c5 cxd5 13. exd5 Nc8 14. b4 f5 15. gxf5 gxf5 16. f3 Ne7 17. h6 Bf6 18. Qd2 Ng6 19. Bc4 Kh8 20. Nge2 Rg8 21. c6 Nh4 22. Rf1 f4 23. Bg1 Bh3 24. Qd3 Bxf1 25. Kxf1 Qc8 26. Ke1 Rg6 27. Ne4 Be7 28. Bf2 Ng2+ 29. Kd1 bxc6 30. Ba6 Qh3 31. Bb7 Rb8 32. dxc6 Ne3+ 33. Bxe3 fxe3 34. c7 Nxc7 35. Rxc7 Qf1+ 36. Kc2 Rg2 37. N4c3 Re8 38. Bc6 Rgg8 39. Bxe8 Rxe8 40. Rxe7 Rxe7 41. Qxd6 1-0

[Event "Olympiad-37"]
[Site "Turin"]
[Date "2006.05.31"]
[Round "10"]
[White "Goh, Koon Jong Jason"]
[Black "Maki Uuro, Miika"]
[Result "1/2-1/2"]
[WhiteElo "2386"]
[BlackElo "2407"]
[PlyCount "30"]
[EventDate "2006.05.21"]
[EventType "team-swiss"]
[EventRounds "13"]
[EventCountry "ITA"]
[SourceTitle "CBM 113"]
[Source "ChessBase"]
[SourceDate "2006.07.31"]
[SourceVersion "1"]
[SourceVersionDate "2006.07.31"]
[SourceQuality "1"]
[WhiteTeam "Singapore"]
[BlackTeam "Finland"]
[WhiteTeamCountry "SIN"]
[BlackTeamCountry "FIN"]

1. d4 Nf6 2. c4 e6 3. Nc3 Bb4 4. e3 b6 5. Nge2 Ne4 6. Qc2 Bb7 7. a3 Bxc3+ 8. Nxc3 Nxc3 9. Qxc3 0-0 10. b3 d6 11. Bb2 Qf6 12. Qc2 Qh6 13. 0-0-0 Nd7 14. Kb1 f5 15. f3 Rae8 1/2-1/2

[Event "Olympiad-37"]
[Site "Turin"]
[Date "2006.05.24"]
[Round "4"]
[White "D'Amore, Carlo"]
[Black "Goh, Koon Jong Jason"]
[Result "1/2-1/2"]
[WhiteElo "2474"]
[BlackElo "2386"]
[PlyCount "135"]
[EventDate "2006.05.21"]
[EventType "team-swiss"]
[EventRounds "13"]
[EventCountry "ITA"]
[SourceTitle "CBM 113"]
[Source "ChessBase"]
[SourceDate "2006.07.31"]
[SourceVersion "1"]
[SourceVersionDate "2006.07.31"]
[SourceQuality "1"]
[WhiteTeam "Italy"]
[BlackTeam "Singapore"]
[WhiteTeamCountry "ITA"]
[BlackTeamCountry "SIN"]

1. e4 c5 2. Nf3 d6 3. d4 cxd4 4. Qxd4 a6 5. Bg5 Nc6 6. Qd2 h6 7. Bh4 Nf6 8. Nc3 g5 9. Bg3 Bg7 10. h3 Be6 11. Bd3 Rc8 12. 0-0 Qa5 13. Rfe1 Nd7 14. Rab1 0-0 15. h4 g4 16. Nh2 Nde5 17. b4 Qd8 18. Nd5 Nd4 19. Bxe5 dxe5 20. c3 Nb5 21. Bxb5 axb5 22. Rbd1 Qe8 23. Qe3 Bxd5 24. Rxd5 e6 25. Rd3 f5 26. Red1 Qc6 27. Nf1 Rf7 28. Rd6 Qxc3 29. Rxe6 Qxb4 30. exf5 Rcf8 31. Ng3 Qf4 32. Rd5 b4 33. Rg6 Kh7 34. Rdd6 Qxe3 35. fxe3 Rf6 36. h5 Rxd6 37. Rxd6 Rf7 38. Rg6 e4 39. Re6 Bf8 40. f6 Rd7 41. Nxe4 Kg8 42. Kf2 Rd5 43. Kg3 Rxh5 44. Kxg4 Ra5 45. Rb6 Rxa2 46. Rxb7 Rxg2+ 47. Kf5 Rg1 48. Rb8 Kf7 49. Rb7+ Kg8 50. Ke5 Re1 51. Kf4 Rf1+ 52. Kg4 Rg1+ 53. Kf3 Rg6 54. Kf4 Rg1 55. Nf2 Rf1 56. Kf3 h5 57. Ke2 Rg1 58. e4 Rg5 59. Nh3 Re5 60. Kf3 Re6 61. f7+ Kg7 62. Nf4 Rf6 63. Rb5 Rxf7 64. Ke3 h4 65. Ne6+ Kf6 66. Nxf8 Rxf8 67. Rxb4 Kg5 68. Rb7 1/2-1/2

[Event "Olympiad-37"]
[Site "Turin"]
[Date "2006.05.22"]
[Round "2"]
[White "Goh, Koon Jong Jason"]
[Black "Butnorius, Algimantas"]
[Result "1/2-1/2"]
[WhiteElo "2386"]
[BlackElo "2392"]
[PlyCount "44"]
[EventDate "2006.05.21"]
[EventType "team-swiss"]
[EventRounds "13"]
[EventCountry "ITA"]
[SourceTitle "CBM 113"]
[Source "ChessBase"]
[SourceDate "2006.07.31"]
[SourceVersion "1"]
[SourceVersionDate "2006.07.31"]
[SourceQuality "1"]
[WhiteTeam "Singapore"]
[BlackTeam "Lithuania"]
[WhiteTeamCountry "SIN"]
[BlackTeamCountry "LTU"]

1. d4 Nf6 2. c4 e6 3. Nc3 Bb4 4. e3 0-0 5. Nge2 d5 6. a3 Be7 7. Ng3 c5 8. dxc5 dxc4 9. Qc2 Nbd7 10. Bxc4 Nxc5 11. 0-0 a6 12. Rd1 Qc7 13. b4 Ncd7 14. Bb3 Nb6 15. Bb2 Bd7 16. Rac1 Rac8 17. Qe2 Qb8 18. Nce4 Rxc1 19. Rxc1 Nbd5 20. Nc5 Bb5 21. Qe1 Rc8 22. Bd4 b6 1/2-1/2

[Event "Nova Gorica op-A 11th"]
[Site "Nova Gorica"]
[Date "2006.01.28"]
[Round "4"]
[White "Martinovic, Sasa"]
[Black "Goh, Koon Jong Jason"]
[Result "1/2-1/2"]
[WhiteElo "2260"]
[BlackElo "2428"]
[PlyCount "177"]
[EventDate "2006.01.27"]
[EventType "swiss"]
[EventRounds "9"]
[EventCountry "SLO"]
[SourceTitle "CBM 110 Extra"]
[Source "ChessBase"]
[SourceDate "2006.03.10"]
[SourceVersion "2"]
[SourceVersionDate "2006.03.10"]
[SourceQuality "1"]

1. Nf3 d5 2. g3 c6 3. Bg2 Bg4 4. 0-0 Nd7 5. d3 Ngf6 6. Nbd2 e5 7. e4 dxe4 8. dxe4 Bc5 9. h3 Bh5 10. Qe1 0-0 11. Nb3 Be7 12. a4 a5 13. Bd2 b6 14. Bc3 Qc7 15. Nfd2 b5 16. axb5 cxb5 17. Bxa5 Qxc2 18. g4 Bg6 19. Qe2 Nc5 20. Nxc5 Qxc5 21. Rac1 Qa7 22. Bc7 Qd4 23. Nf3 Qa4 24. Nxe5 Bxe4 25. b3 Qb4 26. Bxe4 Qxe4 27. Qxb5 Ra2 28. Rfe1 Qd4 29. Qb6 Qxb6 30. Bxb6 Bb4 31. Ra1 Rxa1 32. Rxa1 Bc3 33. Ra5 Bxe5 34. Rxe5 Nd7 35. Bd4 Nxe5 36. Bxe5 f6 37. Bd6 Rd8 38. Bc5 Kf7 39. b4 Rd3 40. Kg2 Rb3 41. f3 Ke6 42. Kg3 Ke5 43. Bf8 g6 44. Bc5 f5 45. gxf5 Kxf5 46. h4 Rd3 47. Bf2 Rb3 48. Bc5 Rb2 49. Be7 Ke6 50. Bc5 Kd5 51. Kf4 Rb3 52. Kg4 Rd3 53. Kf4 Ke6 54. Be3 Rd5 55. Bc5 Rf5+ 56. Kg3 Kd5 57. Be7 Kd4 58. Kf2 Kd3 59. Bd6 Rf6 60. Bc5 Re6 61. Kg3 Ke2 62. Kg4 Rf6 63. f4 Rf5 64. Kg3 Kd3 65. Kf3 Kc4 66. Ke4 Kb5 67. Kf3 Kc6 68. Ke4 Kd7 69. Kf3 Ke6 70. Ke4 Rd5 71. Bd4 Rb5 72. Bc3 Rb8 73. Be1 Rb7 74. Bc3 Rc7 75. Bd4 Rc1 76. b5 Rb1 77. b6 Rb4 78. Kd3 Kf5 79. Kc3 Rb1 80. Kc4 Ke4 81. Bc5 Kxf4 82. Bb4 Rd1 83. b7 Rd8 84. Kb5 Kg4 85. Kc6 Rb8 86. Be7 h6 87. Kc7 Rxb7+ 88. Kxb7 g5 89. hxg5 1/2-1/2

[Event "Nova Gorica op-A 11th"]
[Site "Nova Gorica"]
[Date "2006.01.27"]
[Round "1"]
[White "Goh, Koon Jong Jason"]
[Black "Borisek, Jure"]
[Result "0-1"]
[WhiteElo "2428"]
[BlackElo "2514"]
[PlyCount "92"]
[EventDate "2006.01.27"]
[EventType "swiss"]
[EventRounds "9"]
[EventCountry "SLO"]
[SourceTitle "CBM 110 Extra"]
[Source "ChessBase"]
[SourceDate "2006.03.10"]
[SourceVersion "2"]
[SourceVersionDate "2006.03.10"]
[SourceQuality "1"]

1. d4 f5 2. c4 Nf6 3. Nc3 d6 4. Nf3 g6 5. g3 Bg7 6. Bg2 0-0 7. 0-0 Qe8 8. d5 Na6 9. Nd4 Bd7 10. Be3 c6 11. Qd2 Nc7 12. Bh6 c5 13. Bxg7 Kxg7 14. Nf3 b5 15. cxb5 Nxb5 16. Rfe1 Nxc3 17. Qxc3 Kg8 18. Nd2 Qf7 19. Qd3 Rab8 20. b3 a5 21. f4 Rb4 22. e3 Rfb8 23. Rab1 Bb5 24. Qc2 Ba6 25. a3 R4b6 26. e4 fxe4 27. Nxe4 Nxe4 28. Bxe4 Qf6 29. Qd2 Qd4+ 30. Qxd4 cxd4 31. Bc2 d3 32. Bd1 Kf7 33. Re3 Rc8 34. Kf2 Rc5 35. b4 Rc3 36. Ra1 Bb7 37. Ke1 axb4 38. axb4 Rxb4 39. Kd2 Rc5 40. Rxd3 Rb2+ 41. Ke3 Bxd5 42. h4 Rg2 43. Kd4 Kf6 44. Bb3 e6 45. Re1 Rb5 46. Bd1 Rb4+ 0-1

[Event "Nova Gorica op-A 11th"]
[Site "Nova Gorica"]
[Date "2006.01.27"]
[Round "2"]
[White "Skoberne, Jure"]
[Black "Goh, Koon Jong Jason"]
[Result "1/2-1/2"]
[WhiteElo "2344"]
[BlackElo "2428"]
[PlyCount "79"]
[EventDate "2006.01.27"]
[EventType "swiss"]
[EventRounds "9"]
[EventCountry "SLO"]
[SourceTitle "CBM 110 Extra"]
[Source "ChessBase"]
[SourceDate "2006.03.10"]
[SourceVersion "2"]
[SourceVersionDate "2006.03.10"]
[SourceQuality "1"]

1. c4 c6 2. e4 d5 3. exd5 cxd5 4. d4 e6 5. Nf3 Nf6 6. a3 Be7 7. Nc3 0-0 8. Bd3 dxc4 9. Bxc4 a6 10. 0-0 b5 11. Bd3 Bb7 12. Qe2 Nbd7 13. Rd1 Rc8 14. Ne5 Nb6 15. h4 g6 16. Bh6 Re8 17. Rac1 Nbd5 18. Nb1 Bf8 19. Rxc8 Qxc8 20. Qd2 Bg7 21. Qg5 Qd8 22. Nd2 Nd7 23. Bxg7 Kxg7 24. Nxd7 Qxd7 25. Ne4 Qe7 26. Qe5+ Nf6 27. Rc1 Bxe4 28. Bxe4 Rd8 29. Rc6 Kg8 30. Rxa6 Nxe4 31. Qxe4 Rd5 32. Ra8+ Kg7 33. Rc8 Qf6 34. Rc5 Rxd4 35. Qe5 b4 36. Qxf6+ Kxf6 37. g3 Rd2 38. axb4 Rxb2 39. b5 h6 40. Kg2 1/2-1/2

[Event "Wch U16"]
[Site "Heraklion"]
[Date "2004.11.08"]
[Round "6"]
[White "Glud, Jakob Vang"]
[Black "Goh, Koon Jong Jason"]
[Result "1/2-1/2"]
[WhiteElo "2292"]
[BlackElo "2419"]
[PlyCount "102"]
[EventDate "2004.11.04"]
[EventType "swiss"]
[EventRounds "11"]
[EventCountry "GRE"]
[SourceTitle "EXT 2005"]
[Source "ChessBase"]
[SourceDate "2004.11.15"]
[SourceVersion "1"]
[SourceVersionDate "2004.11.15"]
[SourceQuality "1"]

1. d4 d5 2. c4 c6 3. Nf3 e6 4. Bg5 Be7 5. Bxe7 Qxe7 6. e3 Nd7 7. Nc3 Ngf6 8. Bd3 a6 9. cxd5 exd5 10. Qc2 0-0 11. 0-0 Re8 12. Rfc1 g6 13. Rab1 a5 14. Na4 Kg7 15. a3 Ne4 16. Bxe4 Qxe4 17. Qxe4 Rxe4 18. Ne1 Re6 19. Nd3 b6 20. b4 axb4 21. Rxb4 b5 22. Nac5 Re7 23. a4 bxa4 24. Rxa4 Rb8 25. Nxd7 Bxd7 26. Ra7 Kf8 27. h3 Be8 28. Rca1 Rb1+ 29. Rxb1 Rxa7 30. Nc5 Ke7 31. Kh2 Bd7 32. Kg3 Bc8 33. Rb2 Kd6 34. h4 f6 35. Rb4 Kc7 36. Ra4 Rxa4 37. Nxa4 Kd6 38. Nc5 Bf5 39. Kf4 Bc2 40. f3 h6 41. e4 dxe4 42. fxe4 Bb1 43. g3 Ba2 44. h5 Bf7 45. hxg6 Bxg6 46. Nd3 Ke6 47. Nc5+ Kd6 48. Ke3 Bf7 49. Kd3 Bg6 50. Ke3 Bf7 51. Kf4 Bg6 1/2-1/2

[Event "Olympiad-36"]
[Site "Mallorca"]
[Date "2004.10.29"]
[Round "14"]
[White "Goh, Koon Jong Jason"]
[Black "Erdogdu, Mert"]
[Result "0-1"]
[WhiteElo "2419"]
[BlackElo "2393"]
[PlyCount "136"]
[EventDate "2004.10.15"]
[EventType "team-swiss"]
[EventRounds "14"]
[EventCountry "ESP"]
[SourceTitle "CBM 104"]
[Source "ChessBase"]
[SourceDate "2005.01.27"]
[SourceVersion "1"]
[SourceVersionDate "2005.01.27"]
[SourceQuality "1"]
[WhiteTeam "Singapore"]
[BlackTeam "Turkey"]
[WhiteTeamCountry "SIN"]
[BlackTeamCountry "TUR"]

1. d4 Nf6 2. c4 g6 3. Nc3 Bg7 4. e4 d6 5. h3 0-0 6. Bg5 Na6 7. g4 Qe8 8. Bg2 e5 9. d5 Nd7 10. Nge2 Ndc5 11. a3 f5 12. b4 Nxe4 13. Nxe4 fxe4 14. Nc3 e3 15. Bxe3 e4 16. Rc1 Qe5 17. Qd2 Bd7 18. Nxe4 Rae8 19. Qd3 h5 20. f3 Bf5 21. gxf5 gxf5 22. Kd2 fxe4 23. fxe4 Nb8 24. Rhg1 Nd7 25. Bh1 Rf7 26. Bd4 Qe7 27. Qe2 Qh4 28. Rcf1 Ree7 29. Bf3 Kh7 30. Bxg7 Rxg7 31. Bxh5 Ne5 32. Bg4 Kh8 33. Rf8+ Rg8 34. Rxg8+ Kxg8 35. Be6+ Kh8 36. Qg2 Qh6+ 37. Kc2 Re8 38. Qe2 Rf8 39. Bf5 Rg8 40. Bg4 Rf8 41. Rg2 Qh4 42. Kb3 Rf4 43. Qe3 Qf6 44. Rg3 Rf2 45. Be2 b6 46. h4 c5 47. h5 Kh7 48. h6 Qf4 49. bxc5 bxc5 50. Qxf4 Rxf4 51. Re3 Kxh6 52. Ka4 Rf7 53. Ka5 Kg5 54. Rh3 Rf2 55. Bd3 Rd2 56. Bf1 Rd1 57. Be2 Rd2 58. Bf1 Rf2 59. Bd3 Kg4 60. Re3 Kf4 61. Rh3 Rf3 62. Rxf3+ Kxf3 63. Bf1 Kf2 64. Bh3 Nxc4+ 65. Ka6 Ne5 66. Kb5 Ke2 67. a4 c4 68. Kb4 Kd2 0-1

[Event "Olympiad-36"]
[Site "Mallorca"]
[Date "2004.10.26"]
[Round "11"]
[White "Goh, Koon Jong Jason"]
[Black "Hamdouchi, Hicham"]
[Result "1-0"]
[WhiteElo "2419"]
[BlackElo "2575"]
[PlyCount "105"]
[EventDate "2004.10.15"]
[EventType "team-swiss"]
[EventRounds "14"]
[EventCountry "ESP"]
[SourceTitle "CBM 104"]
[Source "ChessBase"]
[SourceDate "2005.01.27"]
[SourceVersion "1"]
[SourceVersionDate "2005.01.27"]
[SourceQuality "1"]
[WhiteTeam "Singapore"]
[BlackTeam "Morocco"]
[WhiteTeamCountry "SIN"]
[BlackTeamCountry "MAR"]

1. d4 e6 2. c4 c5 3. d5 exd5 4. cxd5 d6 5. Nc3 g6 6. Nf3 Bg7 7. Bf4 Nf6 8. Qa4+ Bd7 9. Qb3 Qc7 10. e4 0-0 11. Be2 b5 12. Bxb5 Nxe4 13. Nxe4 Qa5+ 14. Bd2 Qxb5 15. Qxb5 Bxb5 16. Nxd6 Ba6 17. 0-0-0 Rd8 18. Rhe1 Nd7 19. Be3 Nb6 20. Ne4 Nc4 21. b3 Nxe3 22. Rxe3 c4 23. b4 Bb7 24. Nc3 Bh6 25. Kc2 Bxe3 26. fxe3 f5 27. Rd4 h6 28. Ne5 Kg7 29. Nxc4 Rac8 30. Kb3 g5 31. g3 Rc7 32. d6 Rf7 33. b5 Bc8 34. Kb4 Re8 35. a4 Be6 36. Ne5 Rb7 37. Nd3 Rf7 38. Nc5 Bd7 39. Nd5 Re5 40. a5 Be8 41. a6 f4 42. gxf4 gxf4 43. exf4 Re2 44. Nc3 Rb2+ 45. Ka3 Rxh2 46. d7 Bxd7 47. Nxd7 Rh5 48. Kb4 Rhf5 49. b6 axb6 50. Nb5 Rxf4 51. a7 Rxd4+ 52. Nxd4 Rxd7 53. Nf5+ 1-0

[Event "Olympiad-36"]
[Site "Mallorca"]
[Date "2004.10.24"]
[Round "9"]
[White "Maki Uuro, Miika"]
[Black "Goh, Koon Jong Jason"]
[Result "1/2-1/2"]
[WhiteElo "2390"]
[BlackElo "2419"]
[PlyCount "20"]
[EventDate "2004.10.15"]
[EventType "team-swiss"]
[EventRounds "14"]
[EventCountry "ESP"]
[SourceTitle "CBM 104"]
[Source "ChessBase"]
[SourceDate "2005.01.27"]
[SourceVersion "1"]
[SourceVersionDate "2005.01.27"]
[SourceQuality "1"]
[WhiteTeam "Finland"]
[BlackTeam "Singapore"]
[WhiteTeamCountry "FIN"]
[BlackTeamCountry "SIN"]

1. Nf3 d5 2. d4 c6 3. c4 e6 4. Bg5 Be7 5. Bxe7 Qxe7 6. e3 Nd7 7. Nc3 Ngf6 8. cxd5 exd5 9. Bd3 0-0 10. 0-0 Re8 1/2-1/2

[Event "Olympiad-36"]
[Site "Mallorca"]
[Date "2004.10.22"]
[Round "7"]
[White "Goh, Koon Jong Jason"]
[Black "Kaidanov, Gregory S"]
[Result "0-1"]
[WhiteElo "2419"]
[BlackElo "2611"]
[PlyCount "112"]
[EventDate "2004.10.15"]
[EventType "team-swiss"]
[EventRounds "14"]
[EventCountry "ESP"]
[SourceTitle "CBM 104"]
[Source "ChessBase"]
[SourceDate "2005.01.27"]
[SourceVersion "1"]
[SourceVersionDate "2005.01.27"]
[SourceQuality "1"]
[WhiteTeam "Singapore"]
[BlackTeam "United States"]
[WhiteTeamCountry "SIN"]
[BlackTeamCountry "USA"]

1. d4 d5 2. c4 e6 3. Nc3 c6 4. Nf3 Nf6 5. Bg5 h6 6. Bxf6 Qxf6 7. Qc2 Nd7 8. e4 dxe4 9. Qxe4 g6 10. c5 Bg7 11. Qe3 0-0 12. Bc4 b6 13. 0-0 bxc5 14. dxc5 a5 15. Rfd1 Qe7 16. Na4 Ba6 17. Bxa6 Rxa6 18. Qd3 Ra7 19. Qd6 Qxd6 20. Rxd6 Rc8 21. Rad1 Rcc7 22. Nd4 Bf8 23. Rxc6 Nxc5 24. Nxc5 Bxc5 25. Rc1 Rxc6 26. Nxc6 Rd7 27. Kf1 Bb6 28. Ke2 Rc7 29. Rc3 Kf8 30. f3 Ke8 31. Kd3 Rd7+ 32. Kc2 Rd5 33. a4 Kd7 34. b4 axb4 35. Nxb4 Ra5 36. Kb3 Bc5 37. Nc2 e5 38. Na3 Bd4 39. Rc4 Rd5 40. Nb5 Bb6 41. Rc2 f5 42. Kb4 Rd1 43. Nc3 Ra1 44. Kb5 Bd4 45. Nd5 Ke6 46. Nb4 Rb1 47. a5 e4 48. fxe4 fxe4 49. Rc4 Ke5 50. a6 e3 51. Rxd4 Kxd4 52. a7 Rxb4+ 53. Kxb4 e2 54. a8Q e1Q+ 55. Kb5 Qb1+ 56. Ka6 Qa2+ 0-1

[Event "Olympiad-36"]
[Site "Mallorca"]
[Date "2004.10.19"]
[Round "5"]
[White "Zagorskis, Darius"]
[Black "Goh, Koon Jong Jason"]
[Result "1/2-1/2"]
[WhiteElo "2486"]
[BlackElo "2419"]
[PlyCount "49"]
[EventDate "2004.10.15"]
[EventType "team-swiss"]
[EventRounds "14"]
[EventCountry "ESP"]
[SourceTitle "CBM 104"]
[Source "ChessBase"]
[SourceDate "2005.01.27"]
[SourceVersion "1"]
[SourceVersionDate "2005.01.27"]
[SourceQuality "1"]
[WhiteTeam "Lithuania"]
[BlackTeam "Singapore"]
[WhiteTeamCountry "LTU"]
[BlackTeamCountry "SIN"]

1. Nf3 d5 2. g3 c6 3. Bg2 Nf6 4. 0-0 Bg4 5. d4 Nbd7 6. Nbd2 e6 7. Re1 Be7 8. e4 dxe4 9. Nxe4 Nxe4 10. Rxe4 Bf5 11. Re1 0-0 12. c3 Qb6 13. Qe2 a5 14. Be3 Qc7 15. c4 a4 16. Bf4 Bd6 17. Bxd6 Qxd6 18. c5 Qc7 19. Qe3 Qa5 20. Nd2 e5 21. dxe5 Qxc5 22. Qf4 Be6 23. Ne4 Qxe5 24. Qxe5 Nxe5 25. Nc5 1/2-1/2

[Event "Olympiad-36"]
[Site "Mallorca"]
[Date "2004.10.18"]
[Round "4"]
[White "Doghri, Nabil"]
[Black "Goh, Koon Jong Jason"]
[Result "1/2-1/2"]
[WhiteElo "2309"]
[BlackElo "2419"]
[PlyCount "84"]
[EventDate "2004.10.15"]
[EventType "team-swiss"]
[EventRounds "14"]
[EventCountry "ESP"]
[SourceTitle "CBM 104"]
[Source "ChessBase"]
[SourceDate "2005.01.27"]
[SourceVersion "1"]
[SourceVersionDate "2005.01.27"]
[SourceQuality "1"]
[WhiteTeam "Tunisia"]
[BlackTeam "Singapore"]
[WhiteTeamCountry "TUN"]
[BlackTeamCountry "SIN"]

1. e4 c5 2. Nf3 d6 3. d4 cxd4 4. Nxd4 Nf6 5. Nc3 a6 6. Bc4 e6 7. Bb3 Nbd7 8. Bg5 Nc5 9. f4 Be7 10. Qf3 0-0 11. 0-0-0 Qc7 12. Rhe1 Rb8 13. Kb1 Rd8 14. e5 dxe5 15. fxe5 Ne8 16. Qh5 h6 17. Bf4 Bf8 18. Bg3 b5 19. Nd5 Qb7 20. Ne3 Nxb3 21. axb3 Qb6 22. Rf1 Rb7 23. Rf4 g6 24. Qf3 g5 25. Rg4 Rbd7 26. c3 Bb7 27. Qf2 Bg7 28. h4 f5 29. exf6 Nxf6 30. hxg5 Nxg4 31. Nxg4 Be4+ 32. Kc1 Qa5 33. Nf6+ Bxf6 34. Qxf6 Rf7 35. Qxe6 Qa1+ 36. Kd2 Qxb2+ 37. Ke3 Qxc3+ 38. Kxe4 Qxg3 39. Qg6+ Rg7 40. Qe6+ Rf7 41. Qg6+ Rg7 42. Qe6+ Rf7 1/2-1/2

[Event "Olympiad-36"]
[Site "Mallorca"]
[Date "2004.10.16"]
[Round "2"]
[White "Goh, Koon Jong Jason"]
[Black "Kanep, Meelis"]
[Result "1/2-1/2"]
[WhiteElo "2419"]
[BlackElo "2475"]
[PlyCount "208"]
[EventDate "2004.10.15"]
[EventType "team-swiss"]
[EventRounds "14"]
[EventCountry "ESP"]
[SourceTitle "CBM 104"]
[Source "ChessBase"]
[SourceDate "2005.01.27"]
[SourceVersion "1"]
[SourceVersionDate "2005.01.27"]
[SourceQuality "1"]
[WhiteTeam "Singapore"]
[BlackTeam "Estonia"]
[WhiteTeamCountry "SIN"]
[BlackTeamCountry "EST"]

1. d4 d5 2. c4 e6 3. Nc3 c6 4. Nf3 dxc4 5. e3 b5 6. a4 Bb4 7. Bd2 a5 8. axb5 Bxc3 9. Bxc3 cxb5 10. b3 Bb7 11. bxc4 b4 12. Bb2 Nf6 13. Bd3 Nbd7 14. 0-0 0-0 15. Re1 Re8 16. c5 Bc6 17. Bc2 Ne4 18. Ba4 Qc7 19. Bxc6 Qxc6 20. Qa4 Qd5 21. Red1 Rec8 22. Ne1 f5 23. Nd3 e5 24. f3 Nc3 25. Bxc3 bxc3 26. Rac1 f4 27. dxe5 Nxc5 28. Nxf4 Nxa4 29. Nxd5 Rc5 30. Rd4 Rb8 31. e6 c2 32. e7 Rcc8 33. Rxa4 Rb1 34. Ra1 Rxa1 35. e8Q+ Rxe8 36. Rxa1 Rb8 37. Nc3 Rb3 38. Kf2 Rxc3 39. Rc1 a4 40. Ke2 a3 41. Kd2 Rc6 42. Rxc2 Ra6 43. Ra2 g5 44. Kc3 g4 45. fxg4 Re6 46. Re2 a2 47. Kb2 Ra6 48. Ka1 Ra3 49. e4 Ra4 50. h3 Kf7 51. e5 Ke6 52. Rxa2 Re4 53. Rf2 Rxe5 54. Kb2 Rc5 55. Rc2 Rd5 56. Kc1 Kf6 57. Rd2 Ra5 58. Kd1 Kg5 59. Ke2 Kh4 60. Rd3 Ra1 61. Kf2 Rb1 62. Rf3 Ra1 63. Rf5 Ra2+ 64. Kg1 Kg3 65. Rf3+ Kh4 66. Kh2 Kg5 67. Kg3 Kg6 68. Rf2 Ra3+ 69. Kh4 Rb3 70. Rc2 Rb6 71. Rc3 Ra6 72. Kg3 Rb6 73. h4 Ra6 74. Rf3 Ra5 75. Kh3 Rb5 76. g5 Rb4 77. Rf6+ Kg7 78. g3 Ra4 79. Rf4 Ra5 80. Kg4 Kg6 81. Rb4 Ra7 82. Rb6+ Kg7 83. Kh5 Ra3 84. g4 Ra5 85. Rf6 Rb5 86. Rf5 Rb6 87. Ra5 Rb7 88. Ra6 Rb5 89. Ra7+ Kg8 90. Re7 Ra5 91. Kh6 Ra6+ 92. Kh5 Ra5 93. Kh6 Ra6+ 94. g6 Rxg6+ 95. Kh5 Ra6 96. g5 Ra4 97. Re2 Kg7 98. Rg2 Ra5 99. Kg4 h6 100. Rb2 hxg5 101. Rb7+ Kh6 102. Rb6+ Kg7 103. hxg5 Ra1 104. Rb7+ Kg6 1/2-1/2